|
|
|
|
| LEADER |
00000cam a2200000 7i4500 |
| 001 |
0000003974 |
| 005 |
20130213.0 |
| 020 |
0 |
0 |
|a 9789830689647
|
| 090 |
0 |
0 |
|a 320.95951
|b NAJ
|
| 245 |
0 |
0 |
|a Transformasi politik :
|b :mendaulatkan hak asas serta demokrasi pemerintahan rakyat untuk rakyat
|c Najib Razak
|
| 260 |
0 |
0 |
|a Kuala Lumpur :
|b Institut Terjemahan & Buku Malaysia Berhad
|
| 300 |
|
|
|a xi, 257 p. ;
|c 19 cm.
|
| 650 |
0 |
0 |
|a Democracy
|x Malaysia
|
| 650 |
0 |
0 |
|a Malaysia---politics and goverment
|
| 650 |
0 |
0 |
|a Politics, Practical---Malaysia
|
| 700 |
0 |
1 |
|a Khairil Annas Jusoh
|
| 700 |
0 |
1 |
|a Mazri Muhammad
|
| 998 |
|
|
|a JPSM
|
| 999 |
|
|
|a 00776
|b Monograph
|c Open Shelf
|e Default branch
|